[Event "English Schools Championship Final 2024"]
[Site "Nottingham University Kings Meadow Campus, United Kingdom"]
[Date "2024.06.28"]
[Round "5.13"]
[White "Yoon, Jacob D"]
[Black "Usharovsky, Ron"]
[Result "1-0"]
[TimeControl "G50' + 10\" per move."]
[WhiteFideId "446076"]
[BlackFideId "64300773"]
[WhiteElo "2279"]
[BlackElo "1958"]

1. d4 {[%clk 00:50:19]} {[%emt 00:58:47]} d5 {[%clk 00:50:16]} {[%emt
00:00:04]} 2. Nc3 {[%clk 00:50:23]} {[%emt 00:00:05]} Nf6 {[%clk 00:50:13]}
{[%emt 00:00:13]} 3. Bf4 {[%clk 00:50:31]} {[%emt 00:00:03]} a6 {[%clk
00:49:41]} {[%emt 00:00:42]} 4. e3 {[%clk 00:50:31]} {[%emt 00:00:09]} Bf5
{[%clk 00:49:31]} {[%emt 00:00:20]} 5. Nf3 {[%clk 00:49:17]} {[%emt 00:01:25]}
e6 {[%clk 00:48:56]} {[%emt 00:00:45]} 6. Ne5 {[%clk 00:48:50]} {[%emt
00:00:36]} Bb4 {[%clk 00:44:37]} {[%emt 00:04:29]} 7. g4 {[%clk 00:45:11]}
{[%emt 00:03:48]} Bg6 {[%clk 00:39:46]} {[%emt 00:05:02]} 8. h4 {[%clk
00:41:29]} {[%emt 00:03:52]} c5 {[%clk 00:27:00]} {[%emt 00:12:56]} 9. f3
{[%clk 00:38:12]} {[%emt 00:03:26]} Qa5 {[%clk 00:25:45]} {[%emt 00:01:26]} 10.
Qd2 {[%clk 00:36:25]} {[%emt 00:01:57]} h6 {[%clk 00:21:09]} {[%emt 00:04:46]}
11. Nxg6 {[%clk 00:36:25]} {[%emt 00:00:10]} fxg6 {[%clk 00:21:12]} {[%emt
00:00:07]} 12. a3 {[%clk 00:31:17]} {[%emt 00:05:19]} c4 {[%clk 00:19:47]}
{[%emt 00:01:34]} 13. Bh3 {[%clk 00:28:43]} {[%emt 00:02:44]} g5 {[%clk
00:17:41]} {[%emt 00:02:16]} 14. hxg5 {[%clk 00:25:06]} {[%emt 00:03:47]} hxg5
{[%clk 00:17:41]} {[%emt 00:00:10]} 15. Bxg5 {[%clk 00:25:05]} {[%emt
00:00:11]} Nbd7 {[%clk 00:16:49]} {[%emt 00:01:03]} 16. Bf4 {[%clk 00:24:46]}
{[%emt 00:00:28]} O-O-O {[%clk 00:15:43]} {[%emt 00:01:16]} 17. O-O-O {[%clk
00:19:25]} {[%emt 00:05:30]} Bxc3 {[%clk 00:13:25]} {[%emt 00:02:29]} 18. Qxc3
{[%clk 00:19:32]} {[%emt 00:00:03]} Qxc3 {[%clk 00:12:50]} {[%emt 00:00:45]} 19.
bxc3 {[%clk 00:19:37]} {[%emt 00:00:05]} Rde8 {[%clk 00:12:04]} {[%emt
00:00:56]} 20. Rh2 {[%clk 00:13:27]} {[%emt 00:06:20]} Rhg8 {[%clk 00:07:07]}
{[%emt 00:05:07]} 21. g5 {[%clk 00:13:21]} {[%emt 00:00:15]} Nh5 {[%clk
00:05:59]} {[%emt 00:01:19]} 22. Bd6 {[%clk 00:06:22]} {[%emt 00:07:09]} g6
{[%clk 00:05:29]} {[%emt 00:00:41]} 23. Bg4 {[%clk 00:06:27]} {[%emt 00:00:04]}
Ng7 {[%clk 00:05:09]} {[%emt 00:00:30]} 24. e4 {[%clk 00:06:35]} {[%emt
00:00:02]} b5 {[%clk 00:04:20]} {[%emt 00:00:59]} 25. Rh7 {[%clk 00:05:26]}
{[%emt 00:01:18]} dxe4 {[%clk 00:03:14]} {[%emt 00:01:18]} 26. fxe4 {[%clk
00:05:29]} {[%emt 00:00:06]} Nf8 {[%clk 00:03:18]} {[%emt 00:00:06]} 27. Rh6
{[%clk 00:05:03]} {[%emt 00:00:36]} Nh5 {[%clk 00:02:28]} {[%emt 00:01:00]} 28.
d5 {[%clk 00:02:47]} {[%emt 00:02:26]} Kb7 {[%clk 00:01:33]} {[%emt 00:01:05]}
29. Bxf8 {[%clk 00:02:21]} {[%emt 00:00:36]} Rgxf8 {[%clk 00:01:03]} {[%emt
00:00:41]} 30. Rh7+ {[%clk 00:01:34]} {[%emt 00:00:56]} Kb6 {[%clk 00:01:00]}
{[%emt 00:00:13]} 31. dxe6 {[%clk 00:01:13]} {[%emt 00:00:32]} Rf4 {[%clk
00:00:51]} {[%emt 00:00:18]} 32. Rd6+ {[%clk 00:00:47]} {[%emt 00:00:36]} Kc5
{[%clk 00:00:31]} {[%emt 00:00:30]} 33. e5 {[%clk 00:00:56]} {[%emt 00:00:01]}
Rxg4 {[%clk 00:00:15]} {[%emt 00:00:26]} 1-0

[Event "English Schools Championship Final 2024"]
[Site "Nottingham University Kings Meadow Campus, United Kingdom"]
[Date "2024.06.28"]
[Round "5.14"]
[White "Chatterjee, Sagnik"]
[Black "Pichugov, Andrey"]
[Result "0-1"]
[TimeControl "G50' + 10\" per move."]
[WhiteFideId "64300455"]
[BlackFideId "490075"]
[WhiteElo "1805"]
[BlackElo "2029"]

1. d4 {[%clk 00:50:18]} d5 {[%clk 00:50:19]} {[%emt 00:00:01]} 2. Nc3 {[%clk
00:50:20]} {[%emt 00:00:08]} Nf6 {[%clk 00:50:09]} {[%emt 00:00:21]} 3. Bf4
{[%clk 00:50:29]} {[%emt 00:00:02]} c6 {[%clk 00:50:07]} {[%emt 00:00:12]} 4.
e3 {[%clk 00:50:22]} {[%emt 00:00:16]} Bf5 {[%clk 00:49:51]} {[%emt 00:00:25]}
5. f3 {[%clk 00:50:26]} {[%emt 00:00:08]} h5 {[%clk 00:49:21]} {[%emt
00:00:40]} 6. Bd3 {[%clk 00:50:08]} {[%emt 00:00:27]} Bxd3 {[%clk 00:48:48]}
{[%emt 00:00:43]} 7. Qxd3 {[%clk 00:50:11]} {[%emt 00:00:07]} e6 {[%clk
00:48:30]} {[%emt 00:00:28]} 8. e4 {[%clk 00:45:24]} {[%emt 00:04:57]} Be7
{[%clk 00:44:39]} {[%emt 00:04:01]} 9. Nge2 {[%clk 00:39:52]} {[%emt 00:05:42]}
Na6 {[%clk 00:42:35]} {[%emt 00:02:14]} 10. a3 {[%clk 00:34:19]} {[%emt
00:05:43]} Nc7 {[%clk 00:42:22]} {[%emt 00:00:23]} 11. b4 {[%clk 00:31:55]}
{[%emt 00:02:34]} Nd7 {[%clk 00:38:17]} {[%emt 00:04:15]} 12. b5 {[%clk
00:19:29]} {[%emt 00:12:36]} Nb6 {[%clk 00:37:44]} {[%emt 00:00:42]} 13. Na2
{[%clk 00:17:35]} {[%emt 00:02:04]} Nxb5 {[%clk 00:37:30]} {[%emt 00:00:25]} 14.
Nb4 {[%clk 00:16:55]} {[%emt 00:00:50]} Nc4 {[%clk 00:36:19]} {[%emt 00:01:20]}
15. Bd2 {[%clk 00:16:11]} {[%emt 00:00:55]} a5 {[%clk 00:35:36]} {[%emt
00:00:53]} 16. exd5 {[%clk 00:14:10]} {[%emt 00:02:11]} exd5 {[%clk 00:33:48]}
{[%emt 00:01:58]} 17. Na2 {[%clk 00:12:39]} {[%emt 00:01:41]} Nxd2 {[%clk
00:33:08]} {[%emt 00:00:51]} 18. Qxd2 {[%clk 00:11:52]} {[%emt 00:00:56]} Nxa3
{[%clk 00:33:09]} {[%emt 00:00:08]} 19. O-O {[%clk 00:11:42]} {[%emt 00:00:21]}
Nc4 {[%clk 00:33:04]} {[%emt 00:00:15]} 20. Qd3 {[%clk 00:10:19]} {[%emt
00:01:32]} Qd6 {[%clk 00:32:15]} {[%emt 00:01:00]} 21. Ng3 {[%clk 00:09:22]}
{[%emt 00:01:08]} g6 {[%clk 00:31:59]} {[%emt 00:00:25]} 22. Rfe1 {[%clk
00:08:59]} {[%emt 00:00:33]} O-O-O {[%clk 00:31:41]} {[%emt 00:00:28]} 23. Nc3
{[%clk 00:08:56]} {[%emt 00:00:13]} Bh4 {[%clk 00:31:18]} {[%emt 00:00:33]} 24.
Nce2 {[%clk 00:07:31]} {[%emt 00:01:35]} Rhe8 {[%clk 00:31:12]} {[%emt
00:00:16]} 25. Ne4 {[%clk 00:05:41]} {[%emt 00:02:00]} dxe4 {[%clk 00:30:41]}
{[%emt 00:00:41]} 26. Qxc4 {[%clk 00:05:39]} {[%emt 00:00:12]} Bxe1 {[%clk
00:30:41]} {[%emt 00:00:10]} 27. Rxe1 {[%clk 00:05:44]} {[%emt 00:00:05]} exf3
{[%clk 00:30:47]} {[%emt 00:00:04]} 28. gxf3 {[%clk 00:05:46]} {[%emt
00:00:08]} Qd5 {[%clk 00:30:48]} {[%emt 00:00:09]} 29. Qc3 {[%clk 00:05:27]}
{[%emt 00:00:29]} Qg5+ {[%clk 00:30:50]} {[%emt 00:00:08]} 30. Kh1 {[%clk
00:05:00]} {[%emt 00:00:38]} Qe3 {[%clk 00:30:39]} {[%emt 00:00:20]} 31. Qxa5
{[%clk 00:04:46]} {[%emt 00:00:24]} Qxf3+ {[%clk 00:30:48]} {[%emt 00:00:02]}
32. Kg1 {[%clk 00:04:47]} {[%emt 00:00:09]} Rxe2 {[%clk 00:29:55]} {[%emt
00:01:02]} 33. Qa8+ {[%clk 00:03:51]} {[%emt 00:01:06]} Kc7 {[%clk 00:30:04]}
34. Qa5+ {[%clk 00:03:58]} {[%emt 00:00:03]} Kd7 {[%clk 00:30:14]} 35. Rxe2
{[%clk 00:03:58]} {[%emt 00:00:11]} Qxe2 {[%clk 00:30:13]} {[%emt 00:00:10]}
0-1

[Event "English Schools Championship Final 2024"]
[Site "Nottingham University Kings Meadow Campus, United Kingdom"]
[Date "2024.06.28"]
[Round "5.15"]
[White "Pushyna, Platon"]
[Black "Hammond, Ben"]
[Result "1/2-1/2"]
[TimeControl "G50' + 10\" per move."]
[WhiteFideId "343422314"]
[BlackFideId "452696"]
[WhiteElo "1909"]
[BlackElo "1921"]

1. e4 {[%clk 00:50:18]} e5 {[%clk 00:50:16]} {[%emt 00:00:07]} 2. Nf3 {[%clk
00:50:24]} {[%emt 00:00:02]} Nc6 {[%clk 00:50:22]} {[%emt 00:00:05]} 3. Bc4
{[%clk 00:50:29]} {[%emt 00:00:04]} Bc5 {[%clk 00:50:27]} {[%emt 00:00:05]} 4.
c3 {[%clk 00:50:34]} {[%emt 00:00:06]} Nf6 {[%clk 00:50:33]} {[%emt 00:00:03]}
5. d4 {[%clk 00:50:40]} {[%emt 00:00:04]} exd4 {[%clk 00:50:39]} {[%emt
00:00:04]} 6. e5 {[%clk 00:50:47]} {[%emt 00:00:03]} d5 {[%clk 00:50:35]}
{[%emt 00:00:15]} 7. Bb5 {[%clk 00:50:53]} {[%emt 00:00:04]} Ne4 {[%clk
00:50:31]} {[%emt 00:00:14]} 8. cxd4 {[%clk 00:50:56]} {[%emt 00:00:07]} Bb4+
{[%clk 00:50:09]} {[%emt 00:00:32]} 9. Nbd2 {[%clk 00:50:57]} {[%emt 00:00:08]}
O-O {[%clk 00:48:47]} {[%emt 00:01:32]} 10. h3 {[%clk 00:49:33]} {[%emt
00:01:35]} Nxd4 {[%clk 00:33:14]} {[%emt 00:15:43]} 11. Nxd4 {[%clk 00:35:11]}
{[%emt 00:14:31]} Qh4 {[%clk 00:33:02]} {[%emt 00:00:23]} 12. O-O {[%clk
00:29:12]} {[%emt 00:06:09]} Nxd2 {[%clk 00:32:58]} {[%emt 00:00:14]} 13. Nf3
{[%clk 00:27:21]} {[%emt 00:02:00]} Nxf3+ {[%clk 00:31:13]} {[%emt 00:01:55]}
14. Qxf3 {[%clk 00:27:29]} {[%emt 00:00:02]} Qe4 {[%clk 00:27:12]} {[%emt
00:04:11]} 15. Qb3 {[%clk 00:26:44]} {[%emt 00:00:55]} Bf5 {[%clk 00:17:00]}
{[%emt 00:10:22]} 16. Rd1 {[%clk 00:23:04]} {[%emt 00:03:49]} Be7 {[%clk
00:06:33]} {[%emt 00:10:38]} 17. Bd3 {[%clk 00:20:02]} {[%emt 00:03:12]} Qxe5
{[%clk 00:06:11]} {[%emt 00:00:33]} 18. Bxf5 {[%clk 00:19:58]} {[%emt
00:00:14]} Qxf5 {[%clk 00:06:18]} {[%emt 00:00:03]} 19. Rxd5 {[%clk 00:17:21]}
{[%emt 00:02:46]} Qe6 {[%clk 00:05:33]} {[%emt 00:00:56]} 20. Qf3 {[%clk
00:15:32]} {[%emt 00:01:58]} Rad8 {[%clk 00:03:19]} {[%emt 00:02:24]} 21. Rxd8
{[%clk 00:15:09]} {[%emt 00:00:33]} Rxd8 {[%clk 00:03:28]} {[%emt 00:00:02]} 22.
Be3 {[%clk 00:15:08]} {[%emt 00:00:11]} b6 {[%clk 00:03:20]} {[%emt 00:00:17]}
23. b3 {[%clk 00:13:49]} {[%emt 00:01:29]} Qf6 {[%clk 00:02:47]} {[%emt
00:00:44]} 1/2-1/2

[Event "English Schools Championship Final 2024"]
[Site "Nottingham University Kings Meadow Campus, United Kingdom"]
[Date "2024.06.28"]
[Round "5.16"]
[White "Lam, Isaac"]
[Black "Gupta, Leonardo"]
[Result "1-0"]
[TimeControl "G50' + 10\" per move."]
[WhiteFideId "343413110"]
[BlackFideId "343430988"]
[WhiteElo "1563"]
[BlackElo "1617"]

1. e4 {[%clk 00:50:19]} {[%emt 00:01:28]} c5 {[%clk 00:49:20]} {[%emt
00:01:00]} 2. Nf3 {[%clk 00:50:27]} {[%emt 00:00:02]} Nc6 {[%clk 00:48:55]}
{[%emt 00:00:35]} 3. d4 {[%clk 00:50:36]} {[%emt 00:00:01]} cxd4 {[%clk
00:48:57]} {[%emt 00:00:08]} 4. Nxd4 {[%clk 00:50:45]} g6 {[%clk 00:48:37]}
{[%emt 00:00:31]} 5. Nc3 {[%clk 00:50:50]} {[%emt 00:00:05]} Bg7 {[%clk
00:48:13]} {[%emt 00:00:34]} 6. Be3 {[%clk 00:50:58]} {[%emt 00:00:03]} Nf6
{[%clk 00:48:10]} {[%emt 00:00:12]} 7. Bc4 {[%clk 00:51:05]} {[%emt 00:00:03]}
O-O {[%clk 00:47:51]} {[%emt 00:00:28]} 8. Bb3 {[%clk 00:51:13]} {[%emt
00:00:02]} d6 {[%clk 00:46:25]} {[%emt 00:01:36]} 9. f3 {[%clk 00:51:18]}
{[%emt 00:00:06]} Bd7 {[%clk 00:45:57]} {[%emt 00:00:37]} 10. Qd2 {[%clk
00:51:25]} {[%emt 00:00:04]} Nxd4 {[%clk 00:45:33]} {[%emt 00:00:33]} 11. Bxd4
{[%clk 00:51:34]} b5 {[%clk 00:44:54]} {[%emt 00:00:49]} 12. Nd5 {[%clk
00:51:16]} {[%emt 00:00:29]} e5 {[%clk 00:42:13]} {[%emt 00:02:50]} 13. Nxf6+
{[%clk 00:51:00]} {[%emt 00:00:27]} Qxf6 {[%clk 00:41:57]} {[%emt 00:00:26]} 14.
Be3 {[%clk 00:51:05]} {[%emt 00:00:06]} a5 {[%clk 00:38:25]} {[%emt 00:03:41]}
15. Bg5 {[%clk 00:49:29]} {[%emt 00:01:46]} Bh6 {[%clk 00:35:55]} {[%emt
00:02:40]} 16. Bxf6 {[%clk 00:49:20]} {[%emt 00:00:18]} Bxd2+ {[%clk 00:35:51]}
{[%emt 00:00:14]} 17. Kxd2 {[%clk 00:49:30]} Bc6 {[%clk 00:34:22]} {[%emt
00:01:39]} 18. a4 {[%clk 00:48:34]} {[%emt 00:01:06]} h6 {[%clk 00:33:18]}
{[%emt 00:01:14]} 19. axb5 {[%clk 00:48:13]} {[%emt 00:00:32]} Bxb5 {[%clk
00:33:09]} {[%emt 00:00:19]} 20. Ba4 {[%clk 00:48:11]} {[%emt 00:00:11]} Bxa4
{[%clk 00:32:54]} {[%emt 00:00:25]} 21. Rxa4 {[%clk 00:48:18]} {[%emt
00:00:03]} g5 {[%clk 00:32:53]} {[%emt 00:00:12]} 22. h4 {[%clk 00:48:16]}
{[%emt 00:00:11]} gxh4 {[%clk 00:32:28]} {[%emt 00:00:36]} 23. Rxh4 {[%clk
00:48:22]} {[%emt 00:00:04]} Kh7 {[%clk 00:32:05]} {[%emt 00:00:33]} 24. Bg5
{[%clk 00:47:39]} {[%emt 00:00:51]} Kg6 {[%clk 00:32:02]} {[%emt 00:00:15]} 25.
Be3 {[%clk 00:47:36]} {[%emt 00:00:12]} h5 {[%clk 00:31:48]} {[%emt 00:00:24]}
26. Rh1 {[%clk 00:47:30]} {[%emt 00:00:16]} f5 {[%clk 00:30:32]} {[%emt
00:01:27]} 27. exf5+ {[%clk 00:47:26]} {[%emt 00:00:14]} Rxf5 {[%clk 00:30:33]}
{[%emt 00:00:08]} 28. Rha1 {[%clk 00:47:29]} {[%emt 00:00:07]} Rb8 {[%clk
00:28:38]} {[%emt 00:02:05]} 29. b3 {[%clk 00:47:28]} {[%emt 00:00:12]} d5
{[%clk 00:27:59]} {[%emt 00:00:49]} 30. Rxa5 {[%clk 00:47:31]} {[%emt
00:00:07]} d4 {[%clk 00:27:58]} {[%emt 00:00:10]} 31. Ra6+ {[%clk 00:47:13]}
{[%emt 00:00:29]} Rf6 {[%clk 00:27:21]} {[%emt 00:00:46]} 32. Rxf6+ {[%clk
00:47:18]} {[%emt 00:00:06]} Kxf6 {[%clk 00:27:26]} {[%emt 00:00:05]} 33. Bf2
{[%clk 00:47:20]} {[%emt 00:00:03]} Rg8 {[%clk 00:27:17]} {[%emt 00:00:23]} 34.
g3 {[%clk 00:47:13]} {[%emt 00:00:17]} Kf5 {[%clk 00:26:59]} {[%emt 00:00:29]}
35. b4 {[%clk 00:47:02]} {[%emt 00:00:21]} h4 {[%clk 00:24:16]} {[%emt
00:02:53]} 36. gxh4 {[%clk 00:47:05]} {[%emt 00:00:07]} Kf4 {[%clk 00:23:41]}
{[%emt 00:00:45]} 37. Ke2 {[%clk 00:47:01]} {[%emt 00:00:13]} Rc8 {[%clk
00:23:26]} {[%emt 00:00:25]} 38. Ra2 {[%clk 00:47:04]} {[%emt 00:00:07]} Rc3
{[%clk 00:23:01]} {[%emt 00:00:35]} 39. b5 {[%clk 00:46:56]} {[%emt 00:00:19]}
1-0

[Event "English Schools Championship Final 2024"]
[Site "Nottingham University Kings Meadow Campus, United Kingdom"]
[Date "2024.06.28"]
[Round "5.17"]
[White "Botgros, Alex"]
[Black "Linton, Anixton"]
[Result "0-1"]
[TimeControl "G50' + 10\" per move."]
[BlackFideId "343105250"]
[WhiteElo "1700"]
[BlackElo "1608"]

1. d4 {[%clk 00:50:19]} {[%emt 00:50:21]} c5 {[%clk 00:50:17]} {[%emt
00:00:04]} 2. c3 {[%clk 00:50:24]} {[%emt 00:00:04]} cxd4 {[%clk 00:50:15]}
{[%emt 00:00:13]} 3. cxd4 {[%clk 00:50:28]} {[%emt 00:00:03]} d6 {[%clk
00:50:20]} {[%emt 00:00:06]} 4. Nc3 {[%clk 00:49:47]} {[%emt 00:00:52]} Nf6
{[%clk 00:50:07]} {[%emt 00:00:23]} 5. e4 {[%clk 00:49:01]} {[%emt 00:00:56]}
e6 {[%clk 00:49:55]} {[%emt 00:00:21]} 6. Bd3 {[%clk 00:47:52]} {[%emt
00:01:19]} d5 {[%clk 00:47:37]} {[%emt 00:02:28]} 7. e5 {[%clk 00:46:44]}
{[%emt 00:01:19]} Nfd7 {[%clk 00:47:29]} {[%emt 00:00:18]} 8. Nf3 {[%clk
00:46:14]} {[%emt 00:00:40]} Nc6 {[%clk 00:46:47]} {[%emt 00:00:51]} 9. O-O
{[%clk 00:46:00]} {[%emt 00:00:24]} a6 {[%clk 00:46:16]} {[%emt 00:00:41]} 10.
Qe2 {[%clk 00:40:45]} {[%emt 00:05:26]} Nb6 {[%clk 00:42:12]} {[%emt 00:04:15]}
11. Bg5 {[%clk 00:39:23]} {[%emt 00:01:30]} Be7 {[%clk 00:42:04]} {[%emt
00:00:18]} 12. Bxe7 {[%clk 00:39:23]} {[%emt 00:00:10]} Qxe7 {[%clk 00:42:12]}
{[%emt 00:00:03]} 13. Rac1 {[%clk 00:39:04]} {[%emt 00:00:28]} O-O {[%clk
00:39:53]} {[%emt 00:02:29]} 14. a3 {[%clk 00:37:11]} {[%emt 00:02:04]} f5
{[%clk 00:37:14]} {[%emt 00:02:49]} 15. exf6 {[%clk 00:36:06]} {[%emt
00:01:14]} Qxf6 {[%clk 00:37:01]} {[%emt 00:00:24]} 16. Rfd1 {[%clk 00:34:58]}
{[%emt 00:01:18]} Bd7 {[%clk 00:34:35]} {[%emt 00:02:37]} 17. b4 {[%clk
00:34:11]} {[%emt 00:00:56]} Rae8 {[%clk 00:33:28]} {[%emt 00:01:17]} 18. b5
{[%clk 00:32:01]} {[%emt 00:02:20]} axb5 {[%clk 00:28:31]} {[%emt 00:05:07]} 19.
Nxb5 {[%clk 00:31:47]} {[%emt 00:00:24]} e5 {[%clk 00:26:32]} {[%emt 00:02:08]}
20. dxe5 {[%clk 00:30:38]} {[%emt 00:01:19]} Nxe5 {[%clk 00:26:23]} {[%emt
00:00:19]} 21. Nxe5 {[%clk 00:30:20]} {[%emt 00:00:28]} Rxe5 {[%clk 00:26:21]}
{[%emt 00:00:13]} 22. Qc2 {[%clk 00:29:03]} {[%emt 00:01:27]} h6 {[%clk
00:24:51]} {[%emt 00:01:39]} 23. Re1 {[%clk 00:25:34]} {[%emt 00:03:40]} Rg5
{[%clk 00:22:24]} {[%emt 00:02:37]} 24. Re3 {[%clk 00:22:44]} {[%emt 00:03:00]}
d4 {[%clk 00:21:24]} {[%emt 00:01:10]} 25. Rg3 {[%clk 00:21:42]} {[%emt
00:01:11]} Bxb5 {[%clk 00:19:42]} {[%emt 00:01:52]} 26. Rf3 {[%clk 00:16:23]}
{[%emt 00:05:29]} Qxf3 {[%clk 00:19:40]} {[%emt 00:00:12]} 0-1

[Event "English Schools Championship Final 2024"]
[Site "Nottingham University Kings Meadow Campus, United Kingdom"]
[Date "2024.06.28"]
[Round "5.18"]
[White "Subin, Samvrit"]
[Black "Li, Yuanxi"]
[Result "1-0"]
[TimeControl "G50' + 10\" per move."]
[WhiteFideId "343113726"]
[BlackFideId "483192"]
[WhiteElo "1808"]
[BlackElo "1601"]

1. e4 {[%clk 00:50:18]} {[%emt 00:00:01]} c5 {[%clk 00:50:19]} {[%emt
00:00:02]} 2. Nc3 {[%clk 00:50:25]} {[%emt 00:00:04]} d6 {[%clk 00:50:24]}
{[%emt 00:00:04]} 3. f4 {[%clk 00:50:26]} {[%emt 00:00:11]} g6 {[%clk
00:49:29]} {[%emt 00:01:03]} 4. Nf3 {[%clk 00:50:26]} {[%emt 00:00:10]} Bg7
{[%clk 00:49:33]} {[%emt 00:00:05]} 5. Bc4 {[%clk 00:50:31]} {[%emt 00:00:05]}
Be6 {[%clk 00:44:44]} {[%emt 00:04:59]} 6. Bxe6 {[%clk 00:49:17]} {[%emt
00:01:25]} fxe6 {[%clk 00:44:50]} {[%emt 00:00:03]} 7. Ng5 {[%clk 00:49:03]}
{[%emt 00:00:24]} Qd7 {[%clk 00:42:39]} {[%emt 00:02:22]} 8. Qg4 {[%clk
00:47:06]} {[%emt 00:02:07]} e5 {[%clk 00:40:08]} {[%emt 00:02:40]} 9. Qe6
{[%clk 00:45:10]} {[%emt 00:02:07]} Nh6 {[%clk 00:34:51]} {[%emt 00:05:26]} 10.
O-O {[%clk 00:32:37]} {[%emt 00:12:42]} exf4 {[%clk 00:28:07]} {[%emt
00:06:56]} 11. d3 {[%clk 00:31:43]} {[%emt 00:01:04]} Bd4+ {[%clk 00:23:13]}
{[%emt 00:05:03]} 12. Kh1 {[%clk 00:31:30]} {[%emt 00:00:24]} Be3 {[%clk
00:22:58]} {[%emt 00:00:24]} 13. Nd5 {[%clk 00:30:01]} {[%emt 00:01:40]} Bxc1
{[%clk 00:18:35]} {[%emt 00:04:31]} 14. Nf6+ {[%clk 00:30:04]} {[%emt
00:00:08]} 1-0

[Event "English Schools Championship Final 2024"]
[Site "Nottingham University Kings Meadow Campus, United Kingdom"]
[Date "2024.06.28"]
[Round "5.19"]
[White "Dias, Savin"]
[Black "Zhu, Pengxiao"]
[Result "0-1"]
[TimeControl "G50' + 10\" per move."]
[WhiteFideId "442399"]
[BlackFideId "499307"]
[WhiteElo "2084"]
[BlackElo "2126"]

1. e4 {[%clk 00:50:17]} {[%emt 00:00:03]} e5 {[%clk 00:50:12]} {[%emt
00:00:10]} 2. Nf3 {[%clk 00:50:21]} {[%emt 00:00:05]} Nc6 {[%clk 00:50:14]}
{[%emt 00:00:07]} 3. Bc4 {[%clk 00:50:28]} {[%emt 00:00:03]} Nf6 {[%clk
00:50:18]} {[%emt 00:00:07]} 4. d3 {[%clk 00:50:30]} {[%emt 00:00:07]} h6
{[%clk 00:50:10]} {[%emt 00:00:18]} 5. c3 {[%clk 00:49:37]} {[%emt 00:01:03]}
d6 {[%clk 00:50:01]} {[%emt 00:00:19]} 6. O-O {[%clk 00:49:10]} {[%emt
00:00:36]} g5 {[%clk 00:49:37]} {[%emt 00:00:34]} 7. Re1 {[%clk 00:47:22]}
{[%emt 00:01:58]} Bg7 {[%clk 00:49:30]} {[%emt 00:00:17]} 8. Be3 {[%clk
00:46:08]} {[%emt 00:01:25]} O-O {[%clk 00:49:01]} {[%emt 00:00:39]} 9. b4
{[%clk 00:43:52]} {[%emt 00:02:25]} Ne7 {[%clk 00:47:54]} {[%emt 00:01:17]} 10.
Nbd2 {[%clk 00:41:45]} {[%emt 00:02:18]} Ng6 {[%clk 00:47:31]} {[%emt
00:00:33]} 11. h3 {[%clk 00:40:48]} {[%emt 00:01:06]} d5 {[%clk 00:43:48]}
{[%emt 00:03:53]} 12. Bb3 {[%clk 00:36:36]} {[%emt 00:04:23]} g4 {[%clk
00:42:54]} {[%emt 00:01:03]} 13. hxg4 {[%clk 00:36:34]} {[%emt 00:00:12]} Bxg4
{[%clk 00:42:58]} {[%emt 00:00:06]} 14. Qc2 {[%clk 00:35:40]} {[%emt 00:01:04]}
c6 {[%clk 00:42:15]} {[%emt 00:00:53]} 15. d4 {[%clk 00:30:38]} {[%emt
00:05:13]} Bxf3 {[%clk 00:39:13]} {[%emt 00:03:12]} 16. gxf3 {[%clk 00:28:31]}
{[%emt 00:02:16]} Nh5 {[%clk 00:38:22]} {[%emt 00:01:02]} 17. exd5 {[%clk
00:26:38]} {[%emt 00:02:03]} exd4 {[%clk 00:34:16]} {[%emt 00:04:16]} 18. cxd4
{[%clk 00:25:26]} {[%emt 00:01:21]} cxd5 {[%clk 00:24:42]} {[%emt 00:09:44]} 19.
Qf5 {[%clk 00:24:12]} {[%emt 00:01:25]} Nf6 {[%emt 00:00:33]} 20. Rac1 {[%clk
00:21:34]} {[%emt 00:02:47]} Kh8 {[%clk 00:22:30]} {[%emt 00:02:00]} 21. Qh3
{[%clk 00:18:01]} {[%emt 00:03:42]} Rg8 {[%clk 00:19:25]} {[%emt 00:03:16]} 22.
Kf1 {[%clk 00:11:42]} {[%emt 00:06:28]} Nh7 {[%clk 00:18:07]} {[%emt 00:01:28]}
23. Bxh6 {[%clk 00:11:01]} {[%emt 00:00:51]} Bxd4 {[%clk 00:17:50]} {[%emt
00:00:28]} 24. Qf5 {[%clk 00:09:19]} {[%emt 00:01:52]} Bxf2 {[%clk 00:17:01]}
{[%emt 00:00:59]} 25. Re2 {[%clk 00:04:55]} {[%emt 00:04:33]} Qh4 {[%clk
00:16:50]} {[%emt 00:00:21]} 26. Rc2 {[%clk 00:02:42]} {[%emt 00:02:23]} Qh1+
{[%clk 00:16:04]} {[%emt 00:00:56]} 27. Kxf2 {[%clk 00:02:45]} {[%emt
00:00:08]} Nh4 {[%clk 00:15:55]} {[%emt 00:00:19]} 28. Qxd5 {[%clk 00:02:03]}
{[%emt 00:00:53]} Qg1# {[%clk 00:15:46]} {[%emt 00:00:07]} 0-1